| 000 | 00540nam a2200193Ia 4500 | ||
|---|---|---|---|
| 005 | 20260120130720.0 | ||
| 008 | 008 260114s9999 xx 000 0 eng d | ||
| 020 | _a9780191673511 | ||
| 037 | _aEBOOK | ||
| 040 |
_aCRL _beng _cCRL |
||
| 041 |
_aeng _2eng |
||
| 084 | _qCRL | ||
| 100 |
_aMartin _9918345 |
||
| 245 | 0 | _aNietzsche and Schiller: Untimely Aesthetics | |
| 260 |
_bOxford University PressOxford University Press _c2011 |
||
| 856 | _uhttps://academic.oup.com/book/27800 | ||
| 942 | _cEBOOK | ||
| 999 |
_c1510250 _d1510250 |
||